| 000 | 00495nam a2200181Ia 4500 | ||
|---|---|---|---|
| 001 | 11803 | ||
| 005 | 20260306162855.0 | ||
| 008 | 260306t2024||||xx |||||||||||||| ||spa|| | ||
| 041 | _aESP | ||
| 082 |
_aHR 200 _bOTOÑO 2024 HUMANITAS |
||
| 110 | _aPontificia Universidad Católica de Chile | ||
| 245 | 0 |
_aHumanitas : _brevista de antropología y cultura cristianas |
|
| 260 | _c2024 | ||
| 300 |
_apáginas 198-392 : _c24 cm. |
||
| 650 | _aGEN | ||
| 654 | _aCHU | ||
| 942 |
_cREV _dJUS _fJUS _2ddc _n |
||
| 999 |
_c11803 _d11803 |
||